00608 2200193 4500001002100000005001500021035002000036007000300056008004100059020002200100082000800122084001400130100001800144245010200162250002000264260006500284300003800349650002700387INLIS00000000113793520220119013349 a0010-0122003066ta220119 0 ind  a978-602-330-021-1 a360 a360 RET k0 aRetno Agustin1 aKeterpaduan layanan yang memberdayakan :bhasil asesen P2TP2A di 16 Provinsi /cRetno Agustin dkk acetakan pertama aJakarta :bKomnas perempuan dan forum pengada layanan,c2017 a117 halaman :bIlustrasi ;c29 cm 4apemberdayaan perempuan